000
00211 a2200097 4500
001
46620
100
_a
Khalid, Abdul Aziz
245
_a
Parwaz-e-Aeqab
260
_a
Lahore
_b
Ayena Adab
_c
090
_c
29723
_d
29723
942
_a
NUST-CAE
_c
M
_c
21917
999
_c
281693
_d
281693